000 003680000a22001570004500
003 MACL
005 20160107135108.0
008 160107b xxu||||| |||| 00| 0 eng d
040 _aMACL
_cMACL
041 _aEnglish
082 _a826
100 _aSouthey, Robert
_929254
245 _aThe Story of Southey's Life
650 _aStories
_929255
942 _cBK
_k826
_2ddc
999 _c36611
_d36611